000 01846nam0a2200373 4500
001 RU\NLR\bibl\69922
005 20260408192024.0
010 _a5-900871-49-5
_950
021 _aRU
_b1999-42741
_92100
035 _a(NLR Aleph) 000068210
090 _a374878
_c374878
100 _a20000211d1999 |||y0rusy50 ca
101 0 _arus
102 _aRU
105 _aa |||||||||
200 1 _aМаркетинг физкультурно-спортивных услуг по сегменту школьниц-подростков
_fС.В. Начинская, О.Н. Степанова, А.В. Портнов
_gМоск. пед. гос. ун-т, Моск. гос. акад. физ. культуры
210 _aМ.
_cМоск. гос. пед. ун-т
_aпос. Малаховка (Моск. обл.)
_cМоск. гос. акад. физ. культуры
_d1999
215 _a51 с.
_cил.
_d30
300 _aНа тит. л. и обл.: Ч. 1
320 _aБиблиогр. в тексте
606 0 _aШкольницы
_xФизическое развитие
_92154966
_3RU\NLR\auth\661297408
606 _aМаркетинг в спорте
_3RU\NLR\auth\66666498
_91530745
606 _aФизическая культура и спорт
_xМаркетинг
_3RU\NLR\auth\661288834
_92137714
686 _aЧ514к
686 _aЧ511,6(2)531
700 1 _aНачинская
_bС. В.
_gСветлана Васильевна
_4070
701 1 _4070
_7ca
_8rus
_aСтепанова
_bО. Н.
_cд-р пед. наук, физкультура
_f1969-
_gОльга Николаевна
_3RU\NLR\AUTH\7724131
_97183
701 1 _aПортнов
_bА. В.
_gАлександр Васильевич
_4070
801 0 _aRU
_bNLR
_c20000211
_gPSBO
801 1 _aRU
_bNLR
_c20000211
852 _aNLR
_j99-8/2622
942 _cBOOK
980 _aNB